书目信息 |
| 题名: |
律师与公证制度及实务
|
|
| 作者: | 肖胜喜 主编 | |
| 分册: | ||
| 出版信息: | 北京 中国政法大学出版社 1999.01 |
|
| 页数: | 411页 | |
| 开本: | 32开 | |
| 丛书名: | ||
| 单 册: | ||
| 中图分类: | D926 | |
| 科图分类: | ||
| 主题词: | 法律--中国 | |
| 电子资源: | ||
| ISBN: | 7-5620-1760-3 | |
| 000 | 00570nam0 2200193 45 | |
| 001 | 0010241404 | |
| 005 | 20001024145201.2 | |
| 010 | @a7-5620-1760-3@d18.50元 | |
| 100 | @a20001024d1999 km y0chiy0120 ea | |
| 101 | 0 | @achi |
| 105 | @a z 000yy | |
| 200 | 1 | @a律师与公证制度及实务@ALu Shi Yu Gong Zheng Zhi Du Ji Shi Wu@f肖胜喜主编@FXiao Sheng Xi Zhu Bian |
| 210 | @a北京@c中国政法大学出版社@d1999.01 | |
| 215 | @a411页@d32开 | |
| 606 | 0 | @a法律@x中国 |
| 690 | @aD926@v3 | |
| 701 | 0 | @a肖胜喜@4主编 |
| 801 | @aCN@bPftUser@c20001024 | |
| 905 | @b186018-022@dD926@eX899@f5 | |
| 律师与公证制度及实务/肖胜喜主编.-北京:中国政法大学出版社,1999.01 |
| 411页;32开 |
| ISBN 7-5620-1760-3:18.50元 |
| ● |
| 相关链接 |
|
|
|
正题名:律师与公证制度及实务
索取号:D926/X899
 
预约/预借
| 序号 | 登录号 | 条形码 | 馆藏地/架位号 | 状态 | 备注 |
| 1 | 186018 | 201860183 | 社科库509/509社科库 104排1列3层/ [索取号:D926/X899] | 在馆 | |
| 2 | 186019 | 201860192 | 社科库509/509社科库 104排1列3层/ [索取号:D926/X899] | 在馆 | |
| 3 | 186020 | 201860209 | 社科库509/509社科库 104排1列3层/ [索取号:D926/X899] | 在馆 | |
| 4 | 186021 | 201860218 | 法学院资料室/ [索取号:D926/X899] | 在馆 | |
| 5 | 186022 | 201860227 | 社科库509/509社科库 104排1列3层/ [索取号:D926/X899] | 在馆 |